Robbins, Contran & Kumar Pathologic Basis of Disease (Record no. 9623)
[ view plain ]
| 000 -LEADER | |
|---|---|
| fixed length control field | 00607nam a22002177a 4500 |
| 003 - CONTROL NUMBER IDENTIFIER | |
| control field | OSt |
| 005 - DATE AND TIME OF LATEST TRANSACTION | |
| control field | 20260402135040.0 |
| 008 - FIXED-LENGTH DATA ELEMENTS--GENERAL INFORMATION | |
| fixed length control field | 260402b |||||||| |||| 00| 0 eng d |
| 020 ## - INTERNATIONAL STANDARD BOOK NUMBER | |
| International Standard Book Number | 9780443287213 |
| 040 ## - CATALOGING SOURCE | |
| Transcribing agency | NLM |
| 082 ## - DEWEY DECIMAL CLASSIFICATION NUMBER | |
| Classification number | QZ4 R553a 2026 |
| 100 ## - MAIN ENTRY--PERSONAL NAME | |
| Personal name | Aster, Jon C. [et...al] |
| 9 (RLIN) | 19568 |
| 245 ## - TITLE STATEMENT | |
| Title | Robbins, Contran & Kumar Pathologic Basis of Disease |
| 250 ## - EDITION STATEMENT | |
| Edition statement | 11th ed. |
| 260 ## - PUBLICATION, DISTRIBUTION, ETC. (IMPRINT) | |
| Place of publication, distribution, etc. | Philadelphia; Elsevier, 2026 |
| 300 ## - PHYSICAL DESCRIPTION | |
| Extent | xi,1259p.; Col.ill: 27.5cm |
| 504 ## - BIBLIOGRAPHY, ETC. NOTE | |
| Bibliography, etc | References, & index included |
| 650 ## - SUBJECT ADDED ENTRY--TOPICAL TERM | |
| Topical term or geographic name as entry element | Pathology |
| 9 (RLIN) | 37 |
| 650 ## - SUBJECT ADDED ENTRY--TOPICAL TERM | |
| Topical term or geographic name as entry element | Pathologic diseases |
| 9 (RLIN) | 19569 |
| 942 ## - ADDED ENTRY ELEMENTS (KOHA) | |
| Source of classification or shelving scheme | Other/Generic Classification Scheme |
| Koha item type | Open Shelf |
| Withdrawn status | Lost status | Source of classification or shelving scheme | Damaged status | Not for loan | Home library | Current library | Date acquired | Source of acquisition | Inventory number | Total Checkouts | Full call number | Barcode | Date last seen | Koha item type | Public note |
|---|---|---|---|---|---|---|---|---|---|---|---|---|---|---|---|
| Other/Generic Classification Scheme | MUST Main Library | MUST Main Library | 02/04/2026 | Purchase | 26/42587 | QZ4 R553a 2026 | 2026-0084 | 02/04/2026 | Open Shelf | ||||||
| Other/Generic Classification Scheme | MUST Main Library | MUST Main Library | 02/04/2026 | Purchase | 26/42588 | QZ4 R553a 2026 | 2026-0085 | 02/04/2026 | Open Shelf | ||||||
| Other/Generic Classification Scheme | MUST Main Library | MUST Main Library | 02/04/2026 | Purchase | 26/42589 | QZ4 R553a 2026 | 2026-0086 | 02/04/2026 | Open Shelf | Lib. Use Only |
